| 000 | 00679nam a2200121Ia 4500 | ||
|---|---|---|---|
| 008 | 220615s9999||||xx |||||||||||||| ||und|| | ||
| 245 | 0 |
_aCulinary Turn _bAesthetic Practice of Cookery |
|
| 546 | _aEnglish[eng] | ||
| 650 | _aSociology||Culinary Turn||Aesthetic Practice||Gastronomy||Nova-regio-cooking||Nutrition||Culinary Arts||Convivium||Culture||Aesthetics||Food Studies||Cultural Studies | ||
| 700 | _avan der Meulen, Nicolaj||Wiesel, Jörg | ||
| 856 | _uhttps://library.oapen.org/bitstream/20.500.12657/31432/1/628140.pdf||https://library.oapen.org/bitstream/20.500.12657/31432/1/628140.pdf||https://library.oapen.org/bitstream/20.500.12657/31432/1/628140.pdf | ||
| 942 | _cEB | ||
| 999 |
_c15017 _d15017 |
||